| 000 | 00420nam a22001217a 4500 | ||
|---|---|---|---|
| 082 | _a200 THE | ||
| 100 |
_aSana Abid Supervisor DR. Usman Qamar Co _973205 |
||
| 245 | _aTH-SOF-1790-Unsupervised Feature Selection Using Incremental Dependency Classes Based on Rough Set Theory | ||
| 260 |
_aISLAMABAD _bNUST COLLEGE OF EME _c2020 |
||
| 650 | _aMS-CSE-16 | ||
| 700 |
_aSupervisor DR. Summair Raza _973206 |
||
| 942 |
_cCF _2ddc |
||
| 999 |
_c579026 _d579026 |
||